| 000 | 00694nam a2200217 a 4500 | ||
|---|---|---|---|
| 999 |
_c5042 _d5042 |
||
| 001 | 5042 | ||
| 003 | BD-JhCC | ||
| 005 | 20171207162514.0 | ||
| 008 | 171207s1953 bg ||||| |||| 00| 0 ben d | ||
| 035 | _a(BD-JhCC)5042 | ||
| 040 |
_aBD-JhCC _dBD-JhCC |
||
| 041 | _aben | ||
| 082 |
_a891.443 _bDAT 1953 |
||
| 100 | _aদত্ত, রবীন্দ্রনাথ | ||
| 245 |
_aঅনুরঞ্জিতা / _c রবীন্দ্রনাথ দত্ত |
||
| 260 |
_aঢাকা : _bস্ট্যাণ্ডার্ড পাবলিশার্স লিমিটেড, _c1953. |
||
| 300 |
_a194 p. : _c21 cm. |
||
| 650 | _aBengali novel | ||
| 942 |
_2ddc _cBK |
||